000 00724nam a22002057a 4500
999 _c16684
_d16684
003 AR-CdUCM
008 190504b ||||| |||| 00| 0 spa d
040 _aMUNICIPALIDAD PROVINCIAL DEL CUSCO
_cBIBLIOTECA MUNICIPAL DEL CUSCO
082 _a329.947 /
_bL45
100 _aLenin, V. I.
_94963
245 _aLas tareas de la revolución /
260 _aBuenos Aires :
_bAnteo,
_c1967.
300 _a106 pƔginas ;
_c18 cm.
505 _aA los ciudadanos de Rusia -- Segundo congreso de los Soviets de diputados obreros y soldados de toda Rusia -- A proposito de la fraseologia revolucionaria...
650 _aSocialismo.
_91037
650 _aLenin.
_92073
650 _aRusia.
_9499
942 _2ddc
_cLIBROS
945 _awfj